[Event "Hyderabad op 2nd"]
[Site "Hyderabad"]
[Date "2018.09.20"]
[Round "3"]
[White "Kumar, S."]
[Black "Audi, Ameya"]
[Result "0-1"]
[WhiteElo "1905"]
[BlackElo "2376"]
[PlyCount "54"]
[EventDate "2018.09.19"]
[EventType "swiss"]
[EventRounds "9"]
[EventCountry "IND"]
[SourceTitle "CBM 186 Extra"]
[Source "ChessBase"]
[SourceDate "2018.08.24"]
[SourceVersion "1"]
[SourceVersionDate "2018.08.24"]
[SourceQuality "1"]

1. e4 e5 2. Nf3 Nc6 3. d4 exd4 4. Nxd4 Qf6 5. Be3 Bc5 6. c3 Nge7 7. Nc2 b6 8. Bd4 Qg6 9. Nd2 0-0 10. h4 d5 11. h5 Qe6 12. Qe2 Re8 13. Bxc5 bxc5 14. exd5 Nxd5 15. Qxe6 Rxe6+ 16. Kd1 Rd6 17. Bc4 Bg4+ 18. f3 Nb6 19. Bb5 Rad8 20. Bxc6 Rxd2+ 21. Kc1 Bxh5 22. Be4 Rxg2 23. Ne3 Re2 24. Nf5 Bg6 25. Ne7+ Kf8 26. Nxg6+ hxg6 27. b3 f5 0-1

[Event "Sivakasi op 4th"]
[Site "Sivakasi"]
[Date "2018.04.22"]
[Round "4"]
[White "Laxman, Rajaram"]
[Black "Kumar, S."]
[Result "1-0"]
[WhiteElo "2441"]
[BlackElo "1933"]
[PlyCount "103"]
[EventDate "2018.04.21"]
[EventType "swiss"]
[EventRounds "8"]
[EventCountry "IND"]
[SourceTitle "CBM 184 Extra"]
[Source "ChessBase"]
[SourceDate "2018.06.28"]
[SourceVersion "1"]
[SourceVersionDate "2018.06.28"]
[SourceQuality "1"]

1. d4 Nf6 2. Nf3 b6 3. Bf4 Bb7 4. e3 e6 5. h3 Be7 6. Bd3 c5 7. 0-0 0-0 8. c3 Ne4 9. Nfd2 f5 10. Nxe4 fxe4 11. Bc2 cxd4 12. cxd4 Bg5 13. Bd6 Be7 14. Bxe7 Qxe7 15. Nc3 Qh4 16. Qg4 Qxg4 17. hxg4 d5 18. f3 Ba6 19. Rf2 exf3 20. gxf3 Nc6 21. f4 Nb4 22. a3 Nxc2 23. Rxc2 Rf7 24. g5 Rc8 25. Rd2 h6 26. Rg2 h5 27. g6 Rf5 28. Kf2 Kf8 29. Rd1 Ke7 30. Kg3 Rh8 31. Kh4 Rh6 32. Rg5 Rxg5 33. fxg5 Rh8 34. a4 Bc4 35. Rd2 a6 36. Rf2 Rf8 37. Rxf8 Kxf8 38. a5 bxa5 39. Kxh5 Ke7 40. Na4 Be2+ 41. Kh4 Bd3 42. Nc5 Bxg6 43. Nxa6 Bc2 44. Kg4 Kd6 45. Kf4 a4 46. Nb4 Bb1 47. Kf3 Kc7 48. Na6+ Kd6 49. Nc5 Bc2 50. Ke2 g6 51. Kd2 Bb3 52. Nxb3 1-0

[Event "IND-chT 38th"]
[Site "Bhubaneswar"]
[Date "2018.02.09"]
[Round "2.2"]
[White "Rajesh, VAV"]
[Black "Kumar, S."]
[Result "1-0"]
[WhiteElo "2315"]
[BlackElo "1922"]
[PlyCount "79"]
[EventDate "2018.02.08"]
[EventType "team-swiss"]
[EventRounds "9"]
[EventCountry "IND"]
[SourceTitle "CBM 182 Extra"]
[Source "ChessBase"]
[SourceDate "2018.02.23"]
[SourceVersion "1"]
[SourceVersionDate "2018.02.23"]
[SourceQuality "1"]
[WhiteTeam "Airports Authority"]
[BlackTeam "Tamil Nadu"]
[WhiteTeamCountry "IND"]
[BlackTeamCountry "IND"]

1. d4 Nf6 2. c4 e6 3. Nc3 Bb4 4. e3 c5 5. Bd3 0-0 6. Nge2 d5 7. cxd5 Nxd5 8. 0-0 cxd4 9. exd4 Nc6 10. Nxd5 Qxd5 11. Qc2 h6 12. Be3 Bd7 13. Be4 Qd6 14. Rfd1 Rac8 15. a3 Ba5 16. Qb3 Bb6 17. d5 Na5 18. Qb4 Qxb4 19. axb4 Bxe3 20. bxa5 Bc5 21. dxe6 Bxe6 22. Bxb7 Rb8 23. a6 Bg4 24. Rdc1 Bb6 25. Nc3 Rfd8 26. Nd5 Bd4 27. h3 Bd7 28. Rc2 Bb5 29. Rd2 Be5 30. Ra5 Bf4 31. Nxf4 Rxd2 32. Rxb5 Re8 33. b4 Re1+ 34. Kh2 g5 35. Rd5 Ra2 36. Nd3 Rd1 37. b5 f5 38. Nb4 Raa1 39. Rxd1 Rxd1 40. b6 1-0